000 01298cam a22003131i 4500
003 SA-RiAUC
005 20241007142023.0
008 241001s1986 ua g b 001 0cara c
040 _aSA-RiAUC
_bara
_cSA-RiAUC
_erda
050 4 _b.S8 1986
082 0 4 _a219.0922
082 0 4 _a922.6
_qSA-RiAUC
090 _a 922.6
_bس ل م
100 1 _aالسلمي، محمد بن الحسين بن محمد،
_d325-412 هجري
_eمؤلف.
245 1 0 _aطبقات الصوفية /
_cأبو عبد الرحمن السلمي ؛ تحقيق نور الدين شريبة.
250 _aالطبعة الثالثة.
264 1 _aالقاهرة :
_bمكتبة الخانجي،
_c1986
300 _a569 صفحة ؛
_c25 سم
336 _aنص
_btxt
_2rdacontent
_3كتاب
337 _aبدون وسيط
_bn
_2rdamedia
338 _aمجلد
_bnc
_2rdacarrier
500 _aيشتمل على كشافات.
504 _aببليوجرافية : صفحة 563-569.
650 7 _aالمتصوفون
_vتراجم
_2aucsh
700 1 2 _iتحقيق لـ (عمل) :
_aالسلمي، محمد بن الحسين بن محمد،
_d325-412 هجري.
_tطبقات الصوفية
700 1 _aشريبة، نور الدين
_eمحقق.
942 _2ddc
_cBOOK
_n0
949 _aSA-JeALM
_d241001
_umohamedma123
_n1
999 _c859
_d859